Akční plán pro finanční služby velký plán EU na vytvoření efektivního kapitálového trhu

Plán predstaviteľov Európskej únie ako transformovať nedostatočne výkonnú úniu na hospodárskeho giganta schopného čeliť USA. Návrh sa nazýva "Akčný plán pre finančné služby", pozostáva zo zákonov, pravidiel a smerníc s cieľom stimulovať v EÚ produktivitu, posilniť hospodársky rast a vytvoriť pracovn...

Descripción completa

Guardado en:
Detalles Bibliográficos
Autor principal: Ježek, Karel
Formato: Capítulo de libro
Lenguaje:checo
Materias:
Etiquetas: Agregar Etiqueta
Sin Etiquetas, Sea el primero en etiquetar este registro!

MARC

LEADER 00000naa a2200000 4500
001 r047378
005 20231004072718.3
041 0 |a cze 
044 |a CZ 
245 1 0 |a Akční plán pro finanční služby  |b velký plán EU na vytvoření efektivního kapitálového trhu  |c Karel Ježek 
520 |a Plán predstaviteľov Európskej únie ako transformovať nedostatočne výkonnú úniu na hospodárskeho giganta schopného čeliť USA. Návrh sa nazýva "Akčný plán pre finančné služby", pozostáva zo zákonov, pravidiel a smerníc s cieľom stimulovať v EÚ produktivitu, posilniť hospodársky rast a vytvoriť pracovné miesta. 
610 2 0 |a služby finančné 
610 2 0 |a Európska únia 
610 2 0 |a trh kapitálový 
610 2 0 |a USA 
100 1 |a Ježek, Karel